[Event "Pau op"]
[Site "Pau"]
[Date "2009.02.24"]
[Round "2"]
[White "Cremers, Bertrand"]
[Black "Fejzovski, Ekrem"]
[Result "0-1"]
[WhiteElo "1440"]
[BlackElo "2063"]
[PlyCount "72"]
[EventDate "2009.02.24"]
[EventType "swiss"]
[EventRounds "9"]
[EventCountry "FRA"]
[SourceTitle "CBM 129 Extra"]
[Source "ChessBase"]
[SourceDate "2009.05.05"]
[SourceVersion "2"]
[SourceVersionDate "2009.05.20"]
[SourceQuality "1"]

1. e4 Nf6 2. e5 Nd5 3. d4 d6 4. c4 Nb6 5. Nf3 g6 6. Be2 Bg7 7. Bg5 Nc6 8. exd6 cxd6 9. Qd2 h6 10. Be3 Bg4 11. 0-0 Bxf3 12. gxf3 e5 13. dxe5 Nxe5 14. Na3 Rc8 15. Rac1 Qh4 16. Nb5 0-0 17. b3 Rcd8 18. Nc3 Qh3 19. Ne4 Nxf3+ 20. Bxf3 Qxf3 21. Ng3 h5 22. Bg5 f6 23. Be3 h4 24. Qe2 Qc6 25. Nh1 f5 26. f3 Rde8 27. Qf2 Nd7 28. Bd4 Ne5 29. Rc3 f4 30. Kg2 Ng4 31. Qd2 Bxd4 32. Qxd4 Ne3+ 33. Kf2 Nxf1 34. Kxf1 Re3 35. Rxe3 fxe3 36. Qxe3 Rxf3+ 0-1

[Event "St Chely d'Aubrac op 5th"]
[Site "St Chely d'Aubrac"]
[Date "2005.07.12"]
[Round "5"]
[White "Perrin, Yannick"]
[Black "Cremers, Bertrand"]
[Result "1-0"]
[WhiteElo "1720"]
[BlackElo "1510"]
[PlyCount "107"]
[EventDate "2005.07.09"]
[EventType "swiss"]
[EventRounds "9"]
[EventCountry "FRA"]
[SourceTitle "CBM 107 Extra"]
[Source "ChessBase"]
[SourceDate "2005.09.01"]
[SourceVersion "1"]
[SourceVersionDate "2005.09.01"]
[SourceQuality "1"]

1. e4 d6 2. Nf3 Nf6 3. Nc3 g6 4. Bc4 Bg7 5. h3 0-0 6. d4 a6 7. Bg5 Nc6 8. a4 Bd7 9. 0-0 h6 10. Bh4 Qc8 11. Re1 g5 12. Bg3 Nh5 13. Bh2 Nf4 14. Bxf4 gxf4 15. Nd5 Re8 16. Nxf4 e6 17. Nh5 Ne7 18. e5 d5 19. Bd3 c5 20. c3 c4 21. Bc2 b5 22. Nh2 Rf8 23. Qg4 Ng6 24. Bxg6 fxg6 25. Qxg6 Rf7 26. Ng4 Kf8 27. Nxg7 Rxg7 28. Qxh6 Qe8 29. Nf6 Qd8 30. Nxd7+ Qxd7 31. axb5 Qf7 32. Qh8+ Rg8 33. Qf6 Qxf6 34. exf6 Kf7 35. bxa6 Ra7 36. Re5 Rb8 37. Ra2 Rba8 38. g4 Kxf6 39. f4 Rxa6 40. Rxa6 Rxa6 41. f5 Rb6 42. Rxe6+ Rxe6 43. fxe6 Kxe6 44. h4 Kf6 45. g5+ Kg6 46. Kf2 Kh5 47. Kf3 Kg6 48. Kg4 Kg7 49. h5 Kh7 50. g6+ Kg7 51. Kg5 Kg8 52. h6 Kh8 53. g7+ Kg8 54. Kf6 1-0

[Event "St Chely d'Aubrac op 5th"]
[Site "St Chely d'Aubrac"]
[Date "2005.07.10"]
[Round "2"]
[White "Cremers, Bertrand"]
[Black "Lepere, Philippe"]
[Result "0-1"]
[WhiteElo "1510"]
[BlackElo "1740"]
[PlyCount "108"]
[EventDate "2005.07.09"]
[EventType "swiss"]
[EventRounds "9"]
[EventCountry "FRA"]
[SourceTitle "CBM 107 Extra"]
[Source "ChessBase"]
[SourceDate "2005.09.01"]
[SourceVersion "1"]
[SourceVersionDate "2005.09.01"]
[SourceQuality "1"]

1. e4 e5 2. Nf3 d6 3. d4 Nd7 4. Nc3 Ngf6 5. Bc4 Be7 6. 0-0 c6 7. Re1 0-0 8. Bg5 Qb6 9. Bb3 h6 10. Bh4 Qc7 11. Qe2 g5 12. Nxg5 hxg5 13. Bxg5 exd4 14. Nd1 Ne5 15. h3 Nh7 16. Bh6 Be6 17. Bxf8 Rxf8 18. f4 Nd7 19. Nf2 d5 20. f5 Bxf5 21. exf5 Bc5 22. Nd3 Bb6 23. Qg4+ Kh8 24. Kh1 Ndf6 25. Qf4 Qc8 26. c4 dxc3 27. bxc3 Bc7 28. Qh6 Ne4 29. f6 Rg8 30. Rxe4 dxe4 31. Nf4 Qf5 32. Bxf7 Qxf4 33. Qxf4 Bxf4 34. Bxg8 Kxg8 35. Rf1 Bd2 36. f7+ Kf8 37. c4 e3 38. Rd1 e2 39. Rb1 e1Q+ 40. Rxe1 Bxe1 41. Kg1 Kxf7 42. Kf1 Bg3 43. Ke2 Ke6 44. Kf3 Be5 45. g4 Ng5+ 46. Kg2 Nxh3 47. Kxh3 Kd6 48. g5 Kc5 49. g6 Kxc4 50. Kg4 Kc3 51. Kf5 Bd4 52. Ke6 b5 53. Kf7 Kb2 54. g7 Bxg7 0-1